FIFA Soccer World Rankings - Statistics

General Stats
  • This quiz has been taken 1,418 times
  • The average score is 21 of 30
Answer Stats
Rank Continent Answer % Correct
3 South America Argentina
97%
19 South America Brazil
97%
18 Europe France
96%
2 Europe Germany
96%
1 Europe Spain
96%
7 Europe England
93%
8 Europe Italy
90%
5 Europe Portugal
89%
14 North America Mexico
84%
9 Europe Netherlands
84%
16 Europe Belgium
83%
28 North America USA
82%
23 South America Chile
81%
17 South America Uruguay
81%
29 Asia Japan
77%
6 South America Colombia
76%
24 Europe Sweden
74%
11 Europe Russia
71%
4 Europe Croatia
67%
15 Europe Switzerland
63%
20 Europe Denmark
62%
12 Africa Côte d'Ivoire
57%
13 Europe Greece
57%
10 South America Ecuador
55%
22 Africa Ghana
54%
30 Europe Norway
54%
25 Europe Czech Republic
33%
21 Europe Bosnia-Herzegovina
32%
26 Africa Mali
14%
27 Europe Montenegro
13%
No matching quizzes found
Score Distribution
Percent of People with Each Score
Percentile by Number Answered
Your Score History
You have not taken this quiz